000 01148nam a2200229Ia 4500
003 Ost
005 20260507075000.0
008 260507s9999||||xx |||||||||||||| ||und||
040 _cfsecg
041 _aara
082 _a330.1
100 _aلطفي، عامر
_eمؤلف
245 0 _aمساهمة في شرح وتوضيح النظريات الاقتصادية /
_c عامر لطفي
260 _aدمشق:
_bدار الرضا للنشر,
_c2002
300 _a292 صفحة؛
_bإيضاحات ؛
_c24 سم
490 _aسلسلة الرضا للمعلومات
_v166
504 _aببليوغرافيا:ص.289-291
520 _aالاقتصاد من وجهة نظر اللورد مينرد كينز وأتباعه،الاقتصاد من وجهة نظر آدم سميث وورثته،الاقتصاد بحسب كارل ماركس وتلامذته،الاقتصاد بحسب جوزيف آلوس شومبيتر والتيارات المتفرعة عنه(الهرطقة على الطريقة الشومبيترية
653 _aالاقتصاد-نظريات
700 _aاسماعيل، مروة
_eمؤلف ثانوي
942 _cكتاب
999 _c42062
_d42062